| 000 | 00837nam a22002177a 4500 | ||
|---|---|---|---|
| 003 | OSt | ||
| 005 | 20260316021627.0 | ||
| 008 | 260316b |||||||| |||| 00| 0 eng d | ||
| 020 | _a 978-0-544-80898-9 | ||
| 040 |
_aDWCL GS lib _cOC |
||
| 082 | _2 S856m 2014 | ||
| 100 | _aSTILTON, THEA | ||
| 245 |
_aMouseford Academy Dance Challenge _cSTILTON, THEA |
||
| 260 |
_aNew York _bScholastic, Inc _c2014 |
||
| 300 |
_avii, 112 pages. _c19cm. |
||
| 520 | _aIn Dance Challenge (Thea Stilton Mouseford Academy #4), the Thea Sisters are thrilled about a new performing arts program, only to face intense, mandatory auditions for Professor Ratyshnikov’s demanding dance class. | ||
| 546 | _aEnglish | ||
| 650 | _2 persistence, teamwork, and a positive attitude | ||
| 650 | _2Cooperation and Teamwork | ||
| 942 |
_2ddc _cFIC. _hFic. _n0 |
||
| 999 |
_c9133 _d9133 |
||